Acteurs Francophones par images #1 - Statistiques

Statistiques générales
  • Ce quiz a été pris 376 fois
  • Le résultat moyen est 10 sur 16
Statistiques - réponses
Par images Réponse % Correct
Jean Dujardin
98%
Alain Chabat
90%
Christian Clavier
90%
Jean Reno
85%
Gérard Jugnot
78%
Jean-Paul Rouve
78%
Gilles Lellouche
76%
Alain Delon
74%
Thierry Lhermitte
62%
Michel Blanc
61%
François Cluzet
56%
Benoît Poelvoorde
51%
Pierre Richard
50%
Jean Rochefort
44%
Vincent Lacoste
38%
Reda Kateb
17%
Aucun quiz correspondant
Distribution des résultats
% des personnes avec chaque résultat
Percentile par nombre de réponses
Votre historique - résultats
Vous n’avez pas pris ce quiz